000 01027 a2200217 4500
003 Nust
005 20170207154029.0
010 _a 2003041476
020 _a1580533523 (alk. paper)
040 _cNust
082 0 0 _a621.382
100 1 _aPrasad, Ramjee.
245 1 0 _aTechnology trends in wireless communications-(E-BOOK)
_cRamjee Prasad, Marina Ruggieri.
260 _aBoston :
_bArtech House,
_cc2003.
300 _axvi, 310 p. :
_bill. ;
_c24 cm.
440 0 _aArtech House universal personal communications series
505 _a Acknowledgments (Page-xvii), Introduction (Page-1), Multiple Access Protocols (Page-27), IP Network Issues (Page-81), TCP over Wireless Links (Page-135), Adaptive Technologies (Page-163), Radio Resource Management for Wireless Multimedia Communications (Page-195), Real-Time Services (Page-219), Personal Area Networks (Page-249), Future Vision (Page-269).
650 0 _aTelecommunication engineering.
_cTechnological innovations.
651 _aE-BOOK
700 1 _aRuggieri, M.
_d1961-
942 _2ddc
_cBK
999 _c192041
_d192041